Dessins animés du club Dorothée (Click Quiz) - Statistiques

Statistiques générales
  • Ce quiz a été pris 451 fois
  • Le résultat moyen est 21 sur 36
Statistiques - réponses
Hint Réponse % Correct
Goldorak
88%
Inspecteur Gadget
87%
Candy
86%
Nicky Larson
86%
Les Chevaliers du Zodiaque
83%
Sailor Moon
82%
Sherlock Holmes
80%
Ken le survivant
77%
Dragon Ball
77%
Olive et Tom
76%
Capitaine Flam
71%
Les Trois Mousquetaires
70%
Princesse Sarah
69%
Jeanne et Serge
68%
Les Quatre Filles du Dr March
68%
L'école des Champions
61%
Ranma ½
58%
Les Minipouss
57%
Rahan
57%
Les Mondes engloutis
52%
Sophie et Virginie
52%
Capitaine Planète
51%
Denis la malice
49%
Il était une fois... Gigi
47%
Muscleman
47%
Robotech
46%
Les Popples
46%
Les Jumeaux du bout du monde
45%
Le Roi Leo
45%
Sally, la petite sorcière
43%
Juliette je t'aime
42%
Lamu
37%
Les Moomins
35%
Malicieuse Kiki
32%
Fly
19%
Max et compagnie
17%
Aucun quiz correspondant
Distribution des résultats
% des personnes avec chaque résultat
Percentile par nombre de réponses
Votre historique - résultats
Vous n’avez pas pris ce quiz